Nomme les 12 photos du film Roi lion présentés dans le quiz . - Statistiques

Statistiques générales
  • Ce quiz a été pris 66 fois
  • Le résultat moyen est 8 sur 12
Statistiques - réponses
Par images Réponse % Correct
Simba
100%
Nala
93%
Scar
93%
Timon
93%
Mufasa
86%
Zazu
79%
Rafiki
76%
Sarabi
66%
Pumbaa
64%
Banzaï
45%
Shenzi
43%
Sarafine
7%
Aucun quiz correspondant
Distribution des résultats
% des personnes avec chaque résultat
Percentile par nombre de réponses
Votre historique - résultats
Vous n’avez pas pris ce quiz